Hoje há palhaços (Registo nº 3693)

Detalhes MARC
000 -Etiqueta do registo
Cabeçalho 00866nam0a2200289 4500
005 - Identificador da versão
Campo de controlo 20240813122040.0
010 ## - Número internacional normalizado dos livros (ISBN)
Número (ISBN) 9724129780
021 ## - Número do Depósito Legal
Código do país PT
Número 190319/03
100 ## - Dados gerais de processamento
Dados gerais de processamento 20190603d2003 d y0pory5003 ba
102 ## - Pais de publicação ou produção
País de publicação Portugal
101 0# - Língua de publicação
Língua do texto, banda sonora, etc. Português
215 ## - Descrição física 
Indicação específica da natureza do documento e extensão da espécie 32, [1] p.
Outras indicações físicas il. color
200 1# - Titulo e menção de responsabilidade
Título próprio Hoje há palhaços
Primeira menção de responsabilidade António Torrado, Maria Alberta Menéres
Outras menções de responsabilidade il. Nikola Raspopovic
225 1# - Colecção 
Título próprio da colecção Asa juvenil
Nome de uma parte ou secção Verde
205 ## - Menção da edição
Menção da edição 2ª ed
210 ## - Publicação, Distribuição, etc. 
Lugar da edição, distribuição, etc. Porto
Nome do editor, distribuidor, etc. Asa
Data da publicação, distribuição, etc. 2003
300 ## - Notas gerais 
Texto da nota PNL
606 ## - Nome comum usado como assunto
Número de registo de entrada de autoridade 0001414
Palavra de ordem Literatura portuguesa
Subdivisão de assunto Teatro
Código do sistema CA
675 ## - Classificação Decimal Universal (CDU)
Notação 821.134.3-1
Edição 3ª ed.
Língua da edição por
702 #1 - Nome de autor-pessoa física (responsabilidade secundária)
Número de registo de entrada de autoridade 0000053
Palavra de ordem Raspopovic
Outra parte do nome não tomada para palavra de ordem Nikola
Código de função Ilustrador / Técnico de desenho computorizado
701 #1 - Nome de autor-pessoa física (co-responsabilidade principal)
Palavra de ordem Menéres
Outra parte do nome não tomada para palavra de ordem Maria Alberta
Elementos de identificação ou distinção e outro
Datas 1930-
Código de função Autor / Co-autor
700 #1 - Nome de autor-pessoa física (responsabilidade principal)
Número de registo de entrada de autoridade 0002147
Palavra de ordem Torrado
Outra parte do nome não tomada para palavra de ordem António
Elementos de identificação ou distinção e outro
Datas 1939-
966 ## - Identificação da Biblioteca
Sigla EBVEN
942 ## - Elementos de entrada adicionados (Koha)
Tipo de item no Koha Livro
Exemplares
Situação do levantamento Origin of item (home branch) (coded) Biblioteca de empréstimo Código de barras Cota Circulation type (not for loan) Tipo de documento Nota do exemplar Damaged status
  Biblioteca Escolar das Vendas Biblioteca Escolar das Vendas BEV1660 8POR TOR PNL   Livro Sem mensagem